| 000 | 00894nam a2200217Ia 4500 | ||
|---|---|---|---|
| 003 | OSt | ||
| 005 | 20200827124438.0 | ||
| 008 | 191128s1958 sp gr 000 0 spa d | ||
| 040 |
_aCo-JMCR _cCo-JMCR |
||
| 041 | 0 | _aspa | |
| 082 | 0 | 4 |
_a370.78 / _bW617e _223 |
| 100 | 1 |
_a Whitney, Frederick Lamson, _eautor _99361 |
|
| 245 | 1 | 0 |
_aElementos de investigación / _cFrederick Lamson Whitney ; traductor, José Savé |
| 260 |
_aBarcelona : _bOmega, _c1958. |
||
| 300 |
_a395 páginas _c22 cm. |
||
| 505 | 0 | _aPensar reflexivo, ciencia e investigación -- Rasgos y aptitudes para ña investigación -- El problema investigación -- Valoración de la investigación previa -- Las agendas de procedimiento -- Btención de datos -- El método descriptivo | |
| 650 | 2 | 4 |
_aInvestigación _99362 |
| 650 | 2 | 4 |
_aEducación _xInvestigación _99363 |
| 700 | 1 |
_aSavé, José, traductor _99364 |
|
| 942 |
_2ddc _cBK |
||
| 999 |
_c4879 _d4879 |
||